| 000 | 00723nam a2200181 i 4500 | ||
|---|---|---|---|
| 001 | 61167 | ||
| 003 | ES-MaACL | ||
| 005 | 20251001141116.0 | ||
| 007 | t| | ||
| 008 | 031110s1914 sp ||||1| spa d | ||
| 100 | 1 |
_aEucken, Rudolf. _948315 |
|
| 245 | 1 | 4 |
_aLos grandes pensadores _b: su teoría de la vida : historia de la evolución del problema de la vida, de la humanidad desde Platón hasta nuestros días / _cpor Rudolfo Eucken ; traducida directamente de la 10ª edición alemana por Faustino Ballvé. |
| 260 |
_aMadrid : _b[s.n., _c1914] ( _fAntonio Marzo) |
||
| 300 |
_aVII, 616 p. ; _c23 cm. |
||
| 700 | 1 |
_aBallvé, Faustino, _d1887-1958 _925088 |
|
| 852 |
_aES-MaACL _jB-9140 _bR.18298 |
||
| 999 |
_c61167 _d61167 |
||